000 00701nam a2200229 a 4500
999 _c1126
_d1126
008 190719s2012||||xxka|||g |||| 00| 0 eng|d
020 _a9781908833136
_c£ 85.00
040 _aKO
_beng
041 0 _aeng
044 _axxk
082 0 4 _223
_a387.1068
_bIn752
110 2 _aInstitute of Chartered Shipbrokers
245 1 0 _aPort and Terminal Management /
_cInstitute of Chartered Shipbrokers
250 _a2011/12th Special Reprint ed.
260 _aLondon :
_bInstitute of Chartered Shipbrokers ,
_c2012
300 _axvi, 144 p.
_b : col. ill.
_c; 30 cm.
650 _aMarine terminals
_xManagement 
_vTextbooks
904 _aRUDRA_R
905 _aR_RANJAN
942 _2ddc
_cBK